Documento aprobado por el pleno del Partido Comunista de El Salvador
Guardado en:
| Autor Corporativo: | |
|---|---|
| Formato: | Texto |
| Publicado: |
San Salvador :
|
| Etiquetas: |
Agregar Etiqueta
Sin Etiquetas, Sea el primero en etiquetar este registro!
|
MARC
| LEADER | 00000 a a2200000 04500 | ||
|---|---|---|---|
| 001 | 16594 | ||
| 003 | |||
| 040 | |||
| 090 | |a EXTRAVIADO | ||
| 110 | |a Partido Comunista de El Salvador | ||
| 245 | |a Documento aprobado por el pleno del Partido Comunista de El Salvador | ||
| 260 | |a San Salvador : | ||
| 300 | |a 32 p. | ||
| 999 | |c 12823 |d 12823 | ||
